banner-ar

Pharaonic civilization : (Record no. 60594)

MARC details
000 -الفاتح
حقل البيانات ثابتة الطول 01021nam a22002657a 4500
005 - وقت وتاريخ اخر تعامل مع التسجيلة
رقم الضبط 20240530110418.0
008 - عناصر البيانات ثابتة الطول - معلومات عامة
حقل البيانات ثابتة الطول 150309s2007 ua a f 001 0 eng d
020 ## - الرقم الدولى المعيارى للكتب
الرقم الدولى المعيارى للكتاب 9789774161391
035 ## - رقم ضبط النظام
رقم ضبط النظام xx002999611
040 ## - مصدر الفهرسة
وكالة الفهرسة الأصلية EG-CaGPL
وكالة النسخ EG-CaGPL
082 04 - رقم تصنيف ديوى العشرى
رقم الطبعة 21
رقم التصنيف 932
رقم المادة CC\F P
100 1# - المدخل الرئيسى - إسم شخصى
الإسم الشخصى Ferrero, Giorgio
245 10 - بيان العنوان
العنوان Pharaonic civilization :
بقية العنوان history and treasures of Ancient Egypt /
بيان المسئوليه,etc [texts Giorgio Ferrero ; ed. dir. Valeria Manferto de Fabianis ; collabor. ed. Laura Accomazzo, Giorgio Ferrero ; graphic deisgner Paola Piacco ; transl. Richard Pierce].
246 30 - العنوان الموازى
عنوان صحيح/عنوان مختصر History and treasures of Ancient Egypt
260 ## - PUBLICATION, DISTRIBUTION, ETC. (IMPRINT)
تاريخ النشر أو التوزيع cop. 2007.
300 ## - الوصف المادى
التعداد 207, [1] s. :
تفاصيل ماديه اخرى للوعاء ill. col. ;
أبعاد الوعاء 33 cm.
500 ## - تبصرة عامة
تبصرة عامة Zawiera gł. ill.
504 ## - تبصرة ببليوجرافية
تبصرة ببليوجرافية,الخ Bibliogr. s. 207. Indeks.
650 #0 - المدخل الاضافى بالموضوع-مصطلح موضوعى
مصطلح موضوعي Pharaonic civilization
700 1# - المدخل الاضافى - اسم شخصى
الإسم الشخصى Manferto De Fabianis, Valeriâ.
الدور Red.
700 1# - المدخل الاضافى - اسم شخصى
الإسم الشخصى Piacco, Paola.
الدور Oprac.
700 1# - المدخل الاضافى - اسم شخصى
الإسم الشخصى Accomazzo, Laura.
الدور Red.
942 ## - عناصر المدخل الإضافي( كوها)
مصدر التصنيف او مخطط الترفيف Dewey Decimal Classification
Koha [default] item type كتاب
260 ## - PUBLICATION, DISTRIBUTION, ETC. (IMPRINT)
-- Cairo :
-- The American University in Cairo Press,
Holdings
حالة التراجع حالة الفقد مصدر التصنيف او خطة الترفيف حالة تلف ليس للاعارة المكان المؤقت الموقع الحالى تاريخ الاكتساب اجمالي اﻻعارات رقم الطلب الباركود تاريخ اخر مشاهدة تاريخ تفعيل السعر نوع وعاء كوها
    ddc     مكتبة القاهرة الكبرى مكتبة القاهرة الكبرى 03/09/2015   932 CC\F P 159691 03/09/2015 03/09/2015 كتاب

Powered By

EGPV